000 01020pam a2200301 a 4500
001 2599382
003 OSt
005 20140310182144.0
008 970829s1997 inua 000 0 eng
010 _a 97037311
020 _a9781570281594
040 _aDLC
_cDLC
_dDLC
043 _an-us---
050 0 0 _aGV 583
_b.H35 1997
082 0 0 _aHS 796.0973
_bHa17 1997
100 1 _aHam, Eldon L.,
_d1952-
_915436
245 1 4 _aThe 100 greatest sports blunders of all time /
_cEldon L. Ham.
246 3 _aOne hundred greatest sports blunders of all time
260 _aIndianapolis, IN :
_bMasters Press,
_c1997.
300 _a193 p. :
_bill. ;
_c23 cm.
562 _eFor circulation. One copy available in the collection.
650 0 _aSports
_zUnited States
_xMiscellanea.
_915437
650 0 _aSports
_zUnited States
_xHistory.
_915438
906 _a7
_bcbc
_corignew
_d1
_eocip
_f19
_gy-gencatlg
942 _2lcc
_cBK
_kHS
999 _c9892
_d9892